000 00422nam a2200181Ia 4500
005 20240823014240.0
008 240823s9999||||xx |||||||||||||| ||und||
041 _aENGLISH
082 _A620.106 P3
100 _aNagarathnam S
245 0 _aFluid Mechanics
250 _a5th
260 _c2003
_b"Khanna,"
500 _aLOST
650 _aFluid Mechanics
_bAeronautical Engineering
942 _cBK
999 _c169544
_d169544